[Event "Satka Autumn op-B"]
[Site "Satka"]
[Date "2014.09.24"]
[Round "5"]
[White "Somkin, Kirill"]
[Black "Chelpanov, Boris"]
[Result "1-0"]
[WhiteElo "1850"]
[BlackElo "1850"]
[PlyCount "41"]
[EventDate "2014.09.20"]
[EventType "swiss"]
[EventRounds "9"]
[EventCountry "RUS"]
[SourceTitle "EXT 2016"]
[Source "ChessBase"]
[SourceDate "2015.10.08"]
[SourceVersion "1"]
[SourceVersionDate "2015.10.08"]
[SourceQuality "1"]

1. e4 e5 2. Nf3 Nc6 3. d4 exd4 4. Bc4 f6 5. 0-0 Ne5 6. Nxe5 fxe5 7. Qh5+ g6 8. Qxe5+ Qe7 9. Qxh8 Nf6 10. Bg5 Qg7 11. Bxf6 Qxh8 12. Bxh8 d6 13. Bxd4 b6 14. Nc3 Bb7 15. Nb5 Kd7 16. e5 d5 17. e6+ Ke7 18. Bb3 c6 19. Nc3 Kxe6 20. Rfe1+ Kd6 21. Be5+ 1-0

[Event "Satka Autumn op-B"]
[Site "Satka"]
[Date "2014.09.22"]
[Round "4"]
[White "Chelpanov, Boris"]
[Black "Sobol, Sergei"]
[Result "0-1"]
[WhiteElo "1850"]
[BlackElo "1719"]
[PlyCount "26"]
[EventDate "2014.09.20"]
[EventType "swiss"]
[EventRounds "9"]
[EventCountry "RUS"]
[SourceTitle "EXT 2016"]
[Source "ChessBase"]
[SourceDate "2015.10.08"]
[SourceVersion "1"]
[SourceVersionDate "2015.10.08"]
[SourceQuality "1"]

1. d4 d5 2. c4 c6 3. c5 e5 4. Be3 e4 5. Nc3 Nf6 6. Bg5 h6 7. Bxf6 Qxf6 8. e3 b6 9. b4 bxc5 10. bxc5 Bxc5 11. Na4 Bd6 12. h3 Bb4+ 13. Ke2 Ba6+ 0-1